Temas Relevantes para a Justiȧ do Trabalho

Bibliographic Details
Main Author: Luiz Cardozo de Souza, Br̤is
Other Authors: Cšar Bebber, Jl︢io
Format: Book
Language:Portuguese
Published: Sô Paulo LTR Editora 2015
Subjects:
Online Access:Acceso restringido

MARC

LEADER 00000namaa22000007a 4500
005 20151029102133.0
007 cr|||| ||u|
008 151029s2015 bl ||||| |||| 00||0 por d
020 |a 978-85-361-8489-0 
035 |a 12897 
040 |a vLex 
090 |c 5623  |d 5623 
100 1 |a Luiz Cardozo de Souza, Br̤is 
245 1 0 |a Temas Relevantes para a Justiȧ do Trabalho  |h [Recurso electrn̤ico] /   |c Br̤is Luiz Cardozo de Souza  
256 |a Servicio en ln̕ea  
260 |a Sô Paulo  |b LTR Editora  |c 2015 
300 |a 1 recurso electrn̤ico 
506 1 |a Contenido solo disponible en los productos indicados  |d vLex Global  |d vLex Global (Academic Edition, excluding Law Schools)  |d vLex Global (U.S. Academic Edition, Law Schools)  |d vLex Global (U.S. Academic Edition, excluding Law Schools)  |d vLex Global (Academic Edition, Law Schools) 
650 0 4 |a Justicia  |z Sô Paulo 
700 1 |a Cšar Bebber, Jl︢io  
740 0 |a vLex ǫbrps (servicio en ln̕ea) 
856 4 0 |u http://vlex.com/source/temas-relevantes-justi-a-trabalho-12897  |z Acceso restringido 
942 |c BOOK 
999 0 |a Justice